000 00537nam a2200181Ia 4500
003 GCL
008 140319s9999 xx 000 0 ara d
040 _aGCL /
_cGCL
082 0 4 _aد
_b050
_bد ك
100 1 _aعبدالله الطوخى
245 1 0 _aكتاب الهلال (1951 : /
_cعبدالله الطوخى
260 _aالقاهرة :
_bدار الهلال للطباعة والنشر ،
_c1995
300 _a262
490 _aكتاب الهلال
_v0
650 0 4 _aالادب
650 0 4 _aالقصص
942 _2ddc
_cBK
999 _c26979
_d26979